MARC

LEADER 00000nam0a2200000 4500
001 275418
005 20231101234824.0
020 |a RU  |b 85-84642 
035 |a (RuTPU)RU\TPU\book\298659 
090 |a 275418 
100 |a 20141113d1985 km y0rusy5003 ca 
101 0 |a rus 
102 |a RU 
105 |a y z 000zy 
200 1 |a Интенсификация машиностроительного производства Урала  |e сборник статей  |f Академия наук СССР (АН СССР), Уральский научный центр (УНЦ) ; под ред. В. М. Смирнова 
210 |a Свердловск  |c Изд-во УНЦ АН СССР  |d 1985 
215 |a 102 с. 
606 1 |a Машиностроение  |x Интенсификация  |2 stltpush  |3 (RuTPU)RU\TPU\subj\41435  |9 61226 
610 1 |a машиностроительное производство 
610 1 |a Урал 
610 1 |a экономические основы 
610 1 |a новая техника 
610 1 |a машины 
610 1 |a оборудование 
610 1 |a производительность 
610 1 |a планирование 
610 1 |a концентрация 
610 1 |a специализация 
675 |a 621.002:658.011.46  |z rus  |v 3 
702 1 |a Смирнов  |b В. М.  |g Виктор Михайлович  |4 340 
712 0 2 |a Академия наук СССР (АН СССР)  |b Уральский научный центр (УНЦ)  |2 stltpush  |3 (RuTPU)RU\TPU\col\3284 
801 0 |a RU  |b RuMRKP  |c 19950704  |g psbo 
801 1 |a RU  |b 63413507  |c 20141113 
801 2 |a RU  |b 63413507  |c 20160304  |g RCR 
942 |c BK